|
|
|
|
| LEADER |
00000cam a2200000 a 4500 |
| 001 |
vtls001135377 |
| 003 |
SK-MaSNL |
| 005 |
20260301063010.0 |
| 008 |
240226s1992 xr oal grh 000 0ccze |
| 015 |
|
|
|a SNBA1992
|
| 020 |
|
|
|a 8090037844
|q (brožované)
|
| 035 |
|
|
|a SNK000078230
|
| 035 |
|
|
|a 836C7884-5DFC-4C17-9894-B847C9AACEBB
|
| 035 |
|
|
|a urn:nbn:sk:snk-am00ieu1
|
| 040 |
|
|
|a SNK
|b slo
|c SNK
|e AACR2
|
| 041 |
0 |
|
|a cze
|
| 044 |
|
|
|a xr
|c CZ
|
| 072 |
|
7 |
|a 323
|x Vnútropolitický vývoj, politický život
|2 konspekt
|
| 072 |
|
7 |
|a 929
|x Biografie
|2 konspekt
|
| 080 |
|
|
|a 929-058.1
|2 2011
|
| 080 |
|
|
|a 323.285
|2 2011
|
| 080 |
|
|
|a 93/94
|2 2011
|
| 080 |
|
|
|a (0:82-96)
|2 2011
|
| 080 |
|
|
|a 929(092)
|2 2011
|
| 100 |
1 |
|
|a Marek, Jaroslav,
|d 1926-2011
|4 aut
|9 378063
|
| 245 |
1 |
0 |
|a Atentáty na mocné
|c Jaroslav Marek ; [reprofoto: Václav Belšán]
|
| 250 |
|
|
|a 1. vyd.
|
| 260 |
|
|
|a Praha
|b Electronic Star
|c 1992
|
| 300 |
|
|
|a 73 strán
|b faksimile, fotografie, ilustrácie, portréty
|c 21 cm
|
| 500 |
|
|
|a Obsahuje 9 kapitol
|
| 500 |
|
|
|a Obsahuje reklamy. Obsahuje biografické údaje o osobnostiach
|
| 648 |
|
7 |
|a 15.-20. storočie
|2 SNKPH
|9 360542
|
| 650 |
0 |
7 |
|a osobnosti
|2 SNKPH
|9 29820
|
| 650 |
0 |
7 |
|a atentáty
|2 SNKPH
|9 4299
|
| 650 |
0 |
7 |
|a dejiny
|2 SNKPH
|9 3825
|
| 655 |
|
7 |
|a literatúra faktu
|2 SNKPH
|9 70526
|
| 655 |
|
7 |
|a biografie
|2 SNKPH
|9 27965
|
| 700 |
1 |
|
|a Belšán, Václav
|4 ill
|9 378064
|
| 740 |
0 |
2 |
|a Krvavé křtiny (kníže Václav)
|
| 740 |
0 |
2 |
|a Kámen z oken (1. defenestrace pražská)
|
| 740 |
0 |
2 |
|a Generalissimus zrady (Valdštejn)
|
| 740 |
0 |
2 |
|a Nepohodlný dědic (Auersperg)
|
| 740 |
0 |
2 |
|a Byl to "mrva" (Mrva)
|
| 740 |
0 |
2 |
|a Sedm kulí (František Ferdinand z Este)
|
| 740 |
0 |
2 |
|a Jeden z pětky (Rašín)
|
| 740 |
0 |
2 |
|a Nebezpečná vysílačka (Formis)
|
| 740 |
0 |
2 |
|a Noční výstřel (Dibrov)
|
| 852 |
|
|
|a Slovenská národná knižnica
|
| 919 |
|
|
|a 80-900378-4-4
|
| 954 |
|
|
|a odborná, vedecká literatúra cudzojazyčná (svetová)
|2 lita
|
| 958 |
|
|
|a RK
|
| 958 |
|
|
|a TL
|
| 958 |
|
|
|a OND
|
| 958 |
|
|
|a SP
|
| 958 |
|
|
|a BX
|
| 958 |
|
|
|a BC
|
| 958 |
|
|
|a LX
|
| 958 |
|
|
|a CZ
|
| 958 |
|
|
|a EUIPO
|
| 999 |
|
|
|c 622568
|d 624498
|
| 952 |
|
|
|t P60, <04>, [BOOK], {604}
|a SNK
|b SNK
|y VYP
|7 0
|p 17A0311247
|o snkSC 81857 D1
|i snkKIP 4288/92
|0 0
|1 0
|4 0
|d 2001-08-20
|l 0
|r 2005-01-01 00:00:00
|w 2026-02-23
|
| 952 |
|
|
|a SNK
|b SNK
|y PREZ
|7 0
|p 17A0994166
|o snkSC 81857
|i snkKIP 4287/92
|0 0
|1 0
|4 0
|d 2012-08-14
|f 1
|l 0
|r 2025-08-18 00:00:00
|w 2026-02-23
|